[Event "Wch U20 61st"]
[Site "Gandhinagar"]
[Date "2024.06.09"]
[Round "7"]
[White "Kartik, Kumar Singh"]
[Black "Koziorowicz, Michal"]
[Result "1/2-1/2"]
[WhiteElo "2042"]
[BlackElo "2304"]
[PlyCount "96"]
[EventDate "2024.06.02"]
[EventType "swiss"]
[EventRounds "11"]
[EventCountry "IND"]
[SourceTitle "CBM 220 Extra"]
[Source "ChessBase"]
[SourceDate "2024.07.31"]
[SourceVersion "1"]
[SourceVersionDate "2024.07.31"]
[SourceQuality "1"]

1. e4 e6 2. d4 d5 3. Nd2 Be7 4. Ngf3 Nf6 5. e5 Nfd7 6. Bd3 c5 7. c3 Nc6 8. 0-0 g5 9. dxc5 g4 10. Nd4 Ndxe5 11. N2b3 h5 12. Bc2 f5 13. Qe2 Kf7 14. f4 Ng6 15. Be3 Nf8 16. Nxc6 bxc6 17. Nd4 Qc7 18. b4 a5 19. a3 Ba6 20. Bd3 Bxd3 21. Qxd3 Nd7 22. Rab1 Nf6 23. b5 cxb5 24. Nxb5 Qd7 25. Nd4 Rhc8 26. c6 Rxc6 27. Nxc6 Qxc6 28. Rb6 Qa4 29. Qd4 Qxd4 30. Bxd4 Bxa3 31. Ra1 Be7 32. Rb7 Ne4 33. Rc7 Nd2 34. Ba7 Nb3 35. Ra3 Kf6 36. Rxb3 Rxa7 37. Rxa7 Bc5+ 38. Kf1 Bxa7 39. Rb5 Be3 40. g3 a4 41. Ke2 Bg1 42. Kf1 Be3 43. Ra5 Bd2 44. Rxa4 Bxc3 45. Ke2 Kg6 46. Ra6 Kf7 47. Ra7+ Kf6 48. Ra4 Kg6 1/2-1/2

[Event "Wch U20 61st"]
[Site "Gandhinagar"]
[Date "2024.06.05"]
[Round "4"]
[White "Kartik, Kumar Singh"]
[Black "Sharnarthi, Shlok"]
[Result "1/2-1/2"]
[WhiteElo "2042"]
[BlackElo "1838"]
[PlyCount "111"]
[EventDate "2024.06.02"]
[EventType "swiss"]
[EventRounds "11"]
[EventCountry "IND"]
[SourceTitle "CBM 220 Extra"]
[Source "ChessBase"]
[SourceDate "2024.07.31"]
[SourceVersion "1"]
[SourceVersionDate "2024.07.31"]
[SourceQuality "1"]

1. e4 d5 2. exd5 c6 3. d4 cxd5 4. Nf3 Nc6 5. Bd3 Bg4 6. c3 Nf6 7. 0-0 e6 8. Bg5 Qc7 9. Nbd2 Bd6 10. Qc2 Nd7 11. Bh4 Rc8 12. a3 Bh5 13. Rae1 h6 14. Bg3 0-0 15. Bxd6 Qxd6 16. h3 Bxf3 17. Nxf3 a6 18. Qd1 Rfe8 19. Bb1 b5 20. Qd3 g6 21. Re3 e5 22. dxe5 Ncxe5 23. Nxe5 Rxe5 24. Ba2 Nf6 25. Rxe5 Qxe5 26. Rd1 Kg7 27. Qd4 Re8 28. Qxe5 Rxe5 29. Kf1 g5 30. Rd4 Kf8 31. Bb1 Ke7 32. a4 Ne4 33. axb5 axb5 34. Bd3 Nd2+ 35. Kg1 Nc4 36. b3 Nd6 37. Kf1 Kd7 38. f4 gxf4 39. Rxf4 Re3 40. Rd4 Kc6 41. Kf2 Re8 42. Rh4 Re6 43. Kf3 Kc5 44. Kf2 f5 45. Kf3 Ne4 46. b4+ Kc6 47. Rh5 Nxc3 48. Rxf5 d4 49. Kf2 Re3 50. Rf3 Rxf3+ 51. Kxf3 Na2 52. Be4+ Kd6 53. Bd3 Kc6 54. Ke4 Nxb4 55. Kxd4 Nxd3 56. Kxd3 1/2-1/2

[Event "Wch U20 61st"]
[Site "Gandhinagar"]
[Date "2024.06.02"]
[Round "1"]
[White "Kartik, Kumar Singh"]
[Black "Gharibyan, Mamikon"]
[Result "1/2-1/2"]
[WhiteElo "2042"]
[BlackElo "2492"]
[PlyCount "156"]
[EventDate "2024.06.02"]
[EventType "swiss"]
[EventRounds "11"]
[EventCountry "IND"]
[SourceTitle "CBM 220 Extra"]
[Source "ChessBase"]
[SourceDate "2024.07.31"]
[SourceVersion "1"]
[SourceVersionDate "2024.07.31"]
[SourceQuality "1"]

1. e4 c5 2. Nf3 Nc6 3. d4 cxd4 4. Nxd4 Qb6 5. Nb3 Nf6 6. Nc3 e6 7. Be3 Qc7 8. a3 a6 9. Be2 b5 10. 0-0 b4 11. axb4 Bxb4 12. Nc5 Bxc3 13. bxc3 0-0 14. f3 d5 15. Kh1 a5 16. Qe1 dxe4 17. fxe4 Nd7 18. Bf4 e5 19. Be3 Ne7 20. Na4 Ba6 21. Bxa6 Rxa6 22. Qe2 Rc6 23. Rfb1 h6 24. Rb5 Rc4 25. Rb7 Qxb7 26. Qxc4 Nf6 27. Nc5 Qb2 28. Rf1 Qxc2 29. Bxh6 Rd8 30. Bg5 Rd1 31. Bxf6 Qxc3 32. Rxd1 Qxc4 33. Bxe7 a4 34. Nxa4 Qxa4 35. Re1 f6 36. Bc5 Qc2 37. Bg1 Kf7 38. h3 Ke6 39. Re3 g6 40. g4 Ke7 41. g5 fxg5 42. Rg3 Qxe4+ 43. Kh2 Qc2+ 44. Rg2 Qc1 45. Rg3 Qd2+ 46. Rg2 Qf4+ 47. Rg3 g4 48. Be3 Qf1 49. Bc5+ Ke6 50. Rxg4 Kd5 51. Bg1 Qf5 52. Be3 Qd3 53. Bg5 e4 54. Rg3 Qc2+ 55. Rg2 Qc7+ 56. Rg3 Qc2+ 57. Rg2 Qb3 58. Rg3 Qb2+ 59. Rg2 Qe5+ 60. Rg3 Kd4 61. h4 Qe6 62. Kg2 Qa2+ 63. Kh3 Qf2 64. Bh6 Qf5+ 65. Kh2 Kc4 66. Bg5 Kd5 67. Bh6 Qf2+ 68. Kh3 Kd4 69. Bg7+ Kd5 70. Bh6 Qe1 71. Kh2 Ke6 72. Rxg6+ Kf5 73. Rg5+ Kf6 74. Rg3 Qf2+ 75. Kh3 Qf1+ 76. Kh2 Qf2+ 77. Kh3 Qf1+ 78. Kh2 Qf2+ 1/2-1/2

[Event "Madurai Athens of the East op 3rd"]
[Site "Madurai"]
[Date "2023.12.27"]
[Round "6"]
[White "Kartik, Kumar Singh"]
[Black "Anuj, Shrivatri"]
[Result "0-1"]
[WhiteElo "2005"]
[BlackElo "2400"]
[PlyCount "74"]
[EventDate "2023.12.23"]
[EventType "swiss"]
[EventRounds "10"]
[EventCountry "IND"]
[SourceTitle "CBM 218 Extra"]
[Source "ChessBase"]
[SourceDate "2024.03.31"]
[SourceVersion "1"]
[SourceVersionDate "2024.03.31"]
[SourceQuality "1"]

1. e4 e5 2. Nf3 Nc6 3. Bb5 a6 4. Ba4 d6 5. 0-0 Bd7 6. c3 g6 7. d4 Bg7 8. Be3 Nf6 9. Nbd2 Ng4 10. d5 Nxe3 11. fxe3 Ne7 12. Bxd7+ Qxd7 13. Qe2 0-0 14. c4 Bh6 15. Qd3 f5 16. exf5 gxf5 17. e4 Ng6 18. exf5 Nf4 19. Qe4 Qxf5 20. g3 Nd3 21. Qxf5 Rxf5 22. b3 Raf8 23. Kg2 Bxd2 24. Rad1 Rxf3 25. Rxf3 Ne1+ 26. Rxe1 Bxe1 27. Re3 Bb4 28. Re2 Kg7 29. h4 h5 30. Re4 Kg6 31. Re2 Bc5 32. Rc2 e4 33. Re2 e3 34. b4 Bd4 35. g4 hxg4 36. Kg3 Kh5 37. a4 Rf2 0-1

[Event "Meghalaya op 1st"]
[Site "Shillong"]
[Date "2023.12.17"]
[Round "7"]
[White "Bhoopnath"]
[Black "Kartik, Kumar Singh"]
[Result "0-1"]
[WhiteElo "1767"]
[BlackElo "2005"]
[PlyCount "130"]
[EventDate "2023.12.13"]
[EventType "swiss"]
[EventRounds "10"]
[EventCountry "IND"]
[SourceTitle "CBM 217 Extra"]
[Source "ChessBase"]
[SourceDate "2024.01.31"]
[SourceVersion "1"]
[SourceVersionDate "2024.01.31"]
[SourceQuality "1"]

1. e4 c5 2. Nf3 d6 3. d4 cxd4 4. Qxd4 Nc6 5. Bb5 Bd7 6. Bxc6 bxc6 7. Nc3 e5 8. Qd3 Be7 9. 0-0 h6 10. Nd2 Qc7 11. Nc4 Be6 12. f4 Nf6 13. f5 Bxc4 14. Qxc4 Qb6+ 15. Kh1 0-0 16. Qe2 Rfe8 17. b3 d5 18. Bd2 Bb4 19. Na4 Qb7 20. c3 Bf8 21. exd5 cxd5 22. Rae1 Rad8 23. Qf3 Qa6 24. Qe2 Qc6 25. Qf3 Qd6 26. Be3 d4 27. cxd4 exd4 28. Bf4 Qb4 29. Rd1 Re4 30. Nb2 Bd6 31. Bxd6 Qxd6 32. Nc4 Qe7 33. h3 Nd5 34. Qg3 Qf6 35. Rd3 Rd7 36. a4 Kh7 37. a5 Nb4 38. Rd2 Rde7 39. Qd6 Re1 40. Rxe1 Rxe1+ 41. Kh2 Qxd6+ 42. Nxd6 d3 43. Nc4 g6 44. fxg6+ Kxg6 45. Kg3 Kf5 46. Kf3 Re6 47. Nb2 Rd6 48. Ke3 Nc2+ 49. Kf2 Na1 50. b4 Ke4 51. Na4 Nb3 52. Rb2 Rf6+ 53. Ke1 Na1 54. Nc3+ Kd4 55. Nd1 Nc2+ 56. Kd2 Na3 57. Ra2 Nc4+ 58. Kc1 d2+ 59. Kc2 Rf1 60. Ra1 Rxd1 61. Rxd1 Ne3+ 62. Kxd2 Nxd1 63. b5 Nb2 64. b6 Nc4+ 65. Ke2 Nxb6 0-1

[Event "Meghalaya op 1st"]
[Site "Shillong"]
[Date "2023.12.16"]
[Round "5"]
[White "Ranasinghe, Sachini D"]
[Black "Kartik, Kumar Singh"]
[Result "0-1"]
[WhiteElo "1735"]
[BlackElo "2005"]
[PlyCount "110"]
[EventDate "2023.12.13"]
[EventType "swiss"]
[EventRounds "10"]
[EventCountry "IND"]
[SourceTitle "CBM 217 Extra"]
[Source "ChessBase"]
[SourceDate "2024.01.31"]
[SourceVersion "1"]
[SourceVersionDate "2024.01.31"]
[SourceQuality "1"]

1. c4 g6 2. Nc3 c5 3. d4 cxd4 4. Qxd4 Nf6 5. e4 Bg7 6. h3 0-0 7. Be3 Ng4 8. Qd2 Nxe3 9. Qxe3 Nc6 10. Nf3 Qa5 11. Be2 d6 12. 0-0 Be6 13. Rac1 Qc5 14. Qd2 Qb4 15. b3 Rfc8 16. Nh2 b5 17. cxb5 Nd4 18. Bd3 Nxb3 19. axb3 Bxc3 20. Qe2 Qxb3 21. Nf3 Bf6 22. Nd2 Qa2 23. Nc4 Qxe2 24. Bxe2 Rc5 25. Na5 Rac8 26. Nc6 Rxc1 27. Rxc1 Rc7 28. Rb1 Bd7 29. Nb4 Bd4 30. Bd3 Kf8 31. Kf1 e6 32. Ke2 Ke7 33. f3 Kf6 34. Na6 Rb7 35. Bc4 d5 36. exd5 exd5 37. Bd3 Ke5 38. Nb4 Kd6 39. Nc2 Bc5 40. Na1 Rb6 41. g4 Kc7 42. Nb3 Bxb5 43. Bxb5 Rxb5 44. Rc1 Kb6 45. Nxc5 Rxc5 46. Rb1+ Rb5 47. Rc1 a5 48. Ke3 Rb4 49. Rc8 a4 50. Rb8+ Kc5 51. Rc8+ Kb5 52. Rc7 a3 53. Rxf7 a2 54. Rb7+ Kc4 55. Ra7 Kb3 0-1

[Event "Meghalaya op 1st"]
[Site "Shillong"]
[Date "2023.12.15"]
[Round "4"]
[White "Kartik, Kumar Singh"]
[Black "Aronyak, Ghosh"]
[Result "0-1"]
[WhiteElo "2005"]
[BlackElo "2545"]
[PlyCount "78"]
[EventDate "2023.12.13"]
[EventType "swiss"]
[EventRounds "10"]
[EventCountry "IND"]
[SourceTitle "CBM 217 Extra"]
[Source "ChessBase"]
[SourceDate "2024.01.31"]
[SourceVersion "1"]
[SourceVersionDate "2024.01.31"]
[SourceQuality "1"]

1. e4 c6 2. Nf3 d5 3. Nc3 Bg4 4. h3 Bxf3 5. Qxf3 e6 6. Be2 Nf6 7. 0-0 Bc5 8. exd5 exd5 9. Rd1 Bd4 10. Qf4 Bb6 11. d4 0-0 12. Bd3 Nbd7 13. Be3 Re8 14. Re1 Nf8 15. Na4 Bc7 16. Qf3 Ng6 17. Bxg6 hxg6 18. Nc5 b6 19. Nd3 Re4 20. c3 Qe7 21. Bf4 Re8 22. Bxc7 Qxc7 23. Ne5 Re6 24. Qd3 Qe7 25. c4 dxc4 26. Qxc4 R6xe5 27. Rec1 Re6 28. Qd3 Re1+ 29. Kh2 Qd6+ 30. g3 R1e2 31. Rf1 Rxb2 32. Kg1 Ree2 33. a4 Ne4 34. Rab1 Nxf2 35. Rxb2 Nxh3+ 36. Kh1 Qd5+ 37. Rf3 Nf2+ 38. Kg2 Rxb2 39. Qa3 Nd3+ 0-1

[Event "Asia-ch Blitz U20"]
[Site "Jamshedpur"]
[Date "2023.09.15"]
[Round "5"]
[White "Alekhya, Mukhopadhyay"]
[Black "Kartik, Kumar Singh"]
[Result "0-1"]
[WhiteElo "1899"]
[BlackElo "1669"]
[PlyCount "70"]
[EventDate "2023.09.15"]
[EventType "swiss (blitz)"]
[EventRounds "9"]
[EventCountry "IND"]
[SourceTitle "CBM 216 Extra"]
[Source "ChessBase"]
[SourceDate "2023.11.30"]
[SourceVersion "1"]
[SourceVersionDate "2023.11.30"]
[SourceQuality "1"]

1. d4 Nf6 2. Bg5 Ne4 3. Bf4 d5 4. e3 c5 5. dxc5 e6 6. Nd2 Nxc5 7. Ngf3 Nc6 8. c3 Be7 9. Nb3 0-0 10. Nxc5 Bxc5 11. Bd3 Qe7 12. Qc2 e5 13. Bxh7+ Kh8 14. Bg5 f6 15. Nh4 Qd6 16. Ng6+ Kxh7 17. Nxf8+ Kg8 18. Nh7 fxg5 19. Nxg5 g6 20. h4 Bf5 21. Qd2 d4 22. e4 Be6 23. Nxe6 Qxe6 24. h5 dxc3 25. bxc3 Rf8 26. hxg6 Bxf2+ 27. Ke2 Qg4+ 28. Kd3 Rd8+ 29. Kc2 Rxd2+ 30. Kxd2 Qxe4 31. Rh3 Qxg6 32. Rf3 Bg3 33. Raf1 Bf4+ 34. Kd1 Qb1+ 35. Ke2 Qc2+ 0-1

[Event "Asia-ch Blitz U20"]
[Site "Jamshedpur"]
[Date "2023.09.15"]
[Round "3"]
[White "Avinash, Ramesh"]
[Black "Kartik, Kumar Singh"]
[Result "1/2-1/2"]
[WhiteElo "2316"]
[BlackElo "1669"]
[PlyCount "176"]
[EventDate "2023.09.15"]
[EventType "swiss (blitz)"]
[EventRounds "9"]
[EventCountry "IND"]
[SourceTitle "CBM 216 Extra"]
[Source "ChessBase"]
[SourceDate "2023.11.30"]
[SourceVersion "1"]
[SourceVersionDate "2023.11.30"]
[SourceQuality "1"]

1. c4 g6 2. Nc3 c5 3. g3 Bg7 4. Bg2 Nc6 5. Nf3 d6 6. d3 Bf5 7. Qd2 Qd7 8. b3 Bh3 9. Bxh3 Qxh3 10. Bb2 Qd7 11. 0-0-0 e5 12. Kb1 Nge7 13. h4 a6 14. h5 0-0-0 15. h6 Bf6 16. Ne4 Ng8 17. Nxf6 Nxf6 18. Qg5 Ne8 19. Nd2 f6 20. Qh4 d5 21. cxd5 Qxd5 22. Ne4 f5 23. Nc3 Qe6 24. Qc4 Qxc4 25. dxc4 Nf6 26. f3 Nd4 27. Rde1 Rhe8 28. Na4 Nd7 29. Bc1 Kc7 30. Bg5 Rc8 31. Nc3 Nb6 32. Rd1 Re6 33. Rhf1 Rd6 34. Be7 Rc6 35. e3 Ne6 36. Nd5+ Kb8 37. Bf6 Nd7 38. Be7 Re8 39. Nf6 Rxe7 40. Nxd7+ Kc7 41. Nxe5 Rd6 42. Nd3 b6 43. f4 Nd8 44. Ne5 Rde6 45. Rd2 Nc6 46. Nf3 Rxe3 47. Ng5 Rxg3 48. Nf3 Re3 49. Ne5 Nxe5 50. fxe5 Rxe5 51. Rfd1 Re7 52. Rd8 Rge3 53. Rh8 Re1 54. Rxe1 Rxe1+ 55. Kc2 Re7 56. Kd3 Rf7 57. Ke3 f4+ 58. Kf3 Kd6 59. Rb8 Kc7 60. Rg8 b5 61. Rg7 Rd7 62. Kxf4 bxc4 63. bxc4 Kd6 64. Rg8 Rf7+ 65. Ke4 Ke6 66. Ra8 Kf6 67. Kf4 g5+ 68. Kg4 Ke5 69. Kxg5 Rf5+ 70. Kg4 Rf6 71. Re8+ Kd4 72. Kg5 Rg6+ 73. Kh5 Kxc4 74. Re7 Rg1 75. Rxh7 Rg2 76. Ra7 Rxa2 77. h7 Rh2+ 78. Kg6 Kc3 79. Ra8 Rxh7 80. Kxh7 c4 81. Kg6 Kd2 82. Rxa6 c3 83. Rd6+ Ke3 84. Rc6 Kd2 85. Kf5 c2 86. Rd6+ Ke2 87. Rc6 Kd1 88. Rxc2 Kxc2 1/2-1/2

[Event "Asia-ch U20"]
[Site "Jamshedpur"]
[Date "2023.09.12"]
[Round "5"]
[White "Dhyey, Agarwal"]
[Black "Kartik, Kumar Singh"]
[Result "0-1"]
[WhiteElo "2178"]
[BlackElo "1901"]
[PlyCount "154"]
[EventDate "2023.09.09"]
[EventType "swiss"]
[EventRounds "9"]
[EventCountry "IND"]
[SourceTitle "CBM 216 Extra"]
[Source "ChessBase"]
[SourceDate "2023.11.30"]
[SourceVersion "1"]
[SourceVersionDate "2023.11.30"]
[SourceQuality "1"]

1. c4 g6 2. Nc3 c5 3. g3 Bg7 4. Bg2 Nc6 5. d3 d6 6. e4 e6 7. Nge2 Nge7 8. 0-0 0-0 9. Be3 Nd4 10. Rb1 Nec6 11. a3 a5 12. f4 Bd7 13. Nb5 Qe7 14. Kh1 a4 15. Nec3 Nxb5 16. Nxb5 Nd4 17. Nxd4 Bxd4 18. Bxd4 cxd4 19. Qd2 Bc6 20. f5 f6 21. g4 Rae8 22. Rbc1 exf5 23. gxf5 g5 24. h4 h6 25. Qd1 Qf7 26. Bf3 Rc8 27. Qd2 Qe7 28. Bh5 Kg7 29. Rf2 b5 30. Rg1 bxc4 31. hxg5 fxg5 32. f6+ Rxf6 33. Rxg5+ Kh7 34. Rxf6 Qxf6 35. Bg6+ Qxg6 36. Rxg6 Kxg6 37. Qg2+ Kf6 38. Qf2+ Ke7 39. dxc4 Bxe4+ 40. Kh2 d5 41. Qh4+ Kd6 42. Qf6+ Kc5 43. Qa6 Rc6 44. Qa7+ Kd6 45. cxd5 Kxd5 46. Qa5+ Rc5 47. Qd8+ Kc4 48. Qe7 Bd5 49. Qe1 Rb5 50. Qc1+ Kb3 51. Qb1 Bc4 52. Kg3 d3 53. Qc1 Rc5 54. Kf4 Ka2 55. Ke3 Rc8 56. Qh1 Re8+ 57. Kd4 d2 58. b3 d1Q+ 59. Qxd1 Rd8+ 60. Kxc4 Rxd1 61. bxa4 Kxa3 62. a5 Rd6 63. Kc5 Rg6 64. Kb5 h5 65. a6 Rxa6 66. Kxa6 h4 67. Kb5 h3 68. Kc4 h2 69. Kd4 h1Q 70. Ke5 Kb4 71. Kd4 Qe1 72. Kd5 Qe3 73. Kd6 Qe4 74. Kd7 Kc5 75. Kc7 Qe7+ 76. Kb8 Kb6 77. Ka8 Qf8# 0-1

[Event "Asia-ch U20"]
[Site "Jamshedpur"]
[Date "2023.09.10"]
[Round "2"]
[White "Kartik, Kumar Singh"]
[Black "Kumar, Mukesh1"]
[Result "1-0"]
[WhiteElo "1901"]
[BlackElo "1584"]
[PlyCount "49"]
[EventDate "2023.09.09"]
[EventType "swiss"]
[EventRounds "9"]
[EventCountry "IND"]
[SourceTitle "CBM 216 Extra"]
[Source "ChessBase"]
[SourceDate "2023.11.30"]
[SourceVersion "1"]
[SourceVersionDate "2023.11.30"]
[SourceQuality "1"]

1. e4 c5 2. Nf3 e6 3. d4 cxd4 4. Nxd4 Nf6 5. Nc3 Bb4 6. Ndb5 Nxe4 7. Qd4 Nxc3 8. bxc3 Bf8 9. Bf4 Nc6 10. Qe4 f5 11. Qe3 Kf7 12. Nc7 Rb8 13. Bc4 Qf6 14. Nd5 Qg6 15. Bxb8 Qxg2 16. 0-0-0 Nxb8 17. f3 Qh3 18. Kb1 Nc6 19. Nc7 Qh6 20. f4 Be7 21. Bb3 Bd8 22. Nb5 Bb6 23. Nd6+ Kf6 24. Qd2 Qh5 25. Rhe1 1-0

[Event "IND-ch U15 47th"]
[Site "New Delhi"]
[Date "2022.12.05"]
[Round "10"]
[White "Shahil, Dey"]
[Black "Kartik, Kumar Singh"]
[Result "0-1"]
[WhiteElo "2395"]
[BlackElo "1769"]
[PlyCount "96"]
[EventDate "2022.11.28"]
[EventType "swiss"]
[EventRounds "11"]
[EventCountry "IND"]
[SourceTitle "CBM 211 Extra"]
[Source "ChessBase"]
[SourceDate "2023.01.31"]
[SourceVersion "1"]
[SourceVersionDate "2023.01.31"]
[SourceQuality "1"]

1. e4 c5 2. Ne2 d6 3. g3 g6 4. Bg2 Bg7 5. 0-0 Nc6 6. d3 Nf6 7. Nbc3 0-0 8. Bg5 Rb8 9. a4 a6 10. Qd2 b5 11. axb5 axb5 12. Bh6 b4 13. Nd5 e6 14. Nxf6+ Qxf6 15. Bg5 Qxb2 16. Rfb1 Qxa1 17. Rxa1 Bxa1 18. e5 d5 19. d4 f5 20. exf6 Nxd4 21. Nc1 c4 22. Qf4 Rb7 23. Bh6 Rd8 24. Qg5 Rf7 25. Qd2 Bc3 26. Qd1 Nf5 27. Bd2 e5 28. Bxc3 bxc3 29. Ne2 d4 30. Nxc3 Rxf6 31. h4 Re8 32. Ne4 Rb6 33. Qe2 Ba6 34. Nc5 Kg7 35. Be4 d3 36. cxd3 Nd4 37. Qg4 Bc8 38. Qg5 c3 39. h5 h6 40. Qe3 c2 41. Kh2 Rb1 42. Nb3 Rxb3 43. Bxg6 Re7 44. Qc1 Rc7 45. Qe3 Nf3+ 46. Qxf3 c1Q 47. Qd5 Qc5 48. Qf3 Rb2 0-1

[Event "IND-ch U15 47th"]
[Site "New Delhi"]
[Date "2022.12.03"]
[Round "8"]
[White "Anirudh, R."]
[Black "Kartik, Kumar Singh"]
[Result "0-1"]
[WhiteElo "1506"]
[BlackElo "1769"]
[PlyCount "110"]
[EventDate "2022.11.28"]
[EventType "swiss"]
[EventRounds "11"]
[EventCountry "IND"]
[SourceTitle "CBM 211 Extra"]
[Source "ChessBase"]
[SourceDate "2023.01.31"]
[SourceVersion "1"]
[SourceVersionDate "2023.01.31"]
[SourceQuality "1"]

1. d4 Nf6 2. Bf4 c5 3. e3 Qb6 4. Nc3 a6 5. Rb1 cxd4 6. exd4 d5 7. Be5 Bg4 8. Be2 Bxe2 9. Qxe2 Nbd7 10. Nf3 e6 11. 0-0 Be7 12. Qd3 0-0 13. Ne2 Rfc8 14. c3 Qa5 15. a3 b5 16. Bg3 Qd8 17. Ne5 Nb6 18. f4 g6 19. Bh4 Ne4 20. Bxe7 Qxe7 21. Ng3 f6 22. Ng4 f5 23. Ne5 Nc4 24. Nxe4 dxe4 25. Qe2 Rc7 26. Rfd1 Nxe5 27. dxe5 Rd8 28. Rxd8+ Qxd8 29. Rd1 Rd7 30. Rxd7 Qxd7 31. Kf2 Kf7 32. g3 a5 33. h4 a4 34. Kg2 Ke8 35. Kf2 Qd5 36. h5 Kd7 37. h6 Kc6 38. Kg2 Kc5 39. Kf2 Qd3 40. Qxd3 exd3 41. Ke3 Kc4 42. Kd2 Kb3 43. Kxd3 Kxb2 44. c4 bxc4+ 45. Kxc4 Kxa3 46. Kc3 Ka2 47. Kc2 a3 48. Kc1 Kb3 49. Kb1 a2+ 50. Ka1 Ka3 51. g4 fxg4 52. f5 exf5 53. e6 g3 54. e7 g2 55. e8Q g1Q+ 0-1